[Event "Kalamazoo (WMUSO/1/9)"]
[Site "?"]
[Date "1986.??.??"]
[Round "?"]
[White "Smith, Walt"]
[Black "Sturgis, Derreck"]
[Result "1-0"]
[WhiteElo "2005"]
[BlackElo "1605"]
[PlyCount "41"]
[EventDate "1986.??.??"]

{1/(9)} 1. c4 e6 2. Nc3 d5 3. d4 Nf6 4. Nf3 Nbd7 5. cxd5 exd5 6. g3 b6 7. Bg2
Bb7 8. O-O Bd6 9. Nb5 Be7 10. Bf4 Rc8 11. Nxa7 Rb8 12. Rc1 c5 13. Bxb8 Qxb8 14.
Nb5 O-O 15. a3 Ba6 16. Qa4 Bb7 17. Qa7 cxd4 18. Qxb8 Rxb8 19. Rc7 Ba6 20. Nfxd4
Nc5 21. Rxe7 1-0

[Event "Monroe (MI Op/1b/6)"]
[Site "?"]
[Date "1986.??.??"]
[Round "?"]
[White "Smith, Walt"]
[Black "Skidmore, Mike"]
[Result "1/2-1/2"]
[WhiteElo "2080"]
[BlackElo "1905"]
[PlyCount "38"]
[EventDate "1986.??.??"]

1. c4 Nf6 2. Nc3 g6 3. e4 d6 4. d4 Bg7 5. g3 O-O 6. Nge2 e5 7. dxe5 dxe5 8.
Qxd8 Rxd8 9. Bg5 c6 10. Bg2 h6 11. Bd2 Na6 12. f3 Nb4 13. Rb1 Nc2+ 14. Kd1 Ne3+
15. Kc1 Nxc4 16. Rd1 Be6 17. b3 Nxd2 18. Rxd2 Rxd2 19. Kxd2 Rd8+ 1/2-1/2

[Event "Monroe (MI Op/3/6)"]
[Site "?"]
[Date "1986.??.??"]
[Round "?"]
[White "Smith, Walt"]
[Black "Noren, Kevin"]
[Result "1/2-1/2"]
[WhiteElo "2080"]
[BlackElo "2175"]
[PlyCount "111"]
[EventDate "1986.??.??"]

{3/(6)} 1. e4 e6 2. d4 d5 3. Nc3 Bb4 4. Nge2 dxe4 5. a3 Bxc3+ 6. Nxc3 Nc6 7.
Bb5 Nge7 8. Nxe4 O-O 9. c3 e5 10. Be3 exd4 11. cxd4 Qd5 12. Bd3 Bf5 13. Qf3
Nxd4 14. Bxd4 Qxd4 15. Rd1 Rad8 16. O-O Bg6 17. b4 Nc6 18. Bc2 Qb2 19. Bb1 Nd4
20. Qe3 Nc6 21. Qg3 Rxd1 22. Rxd1 Bxe4 23. Bxe4 Qe2 24. Bf3 Nd4 25. Bxe2 Nxe2+
26. Kf1 Nxg3+ 27. hxg3 Rc8 28. Rd7 Kf8 29. b5 Ke8 30. Rd4 c5 31. Ra4 Ra8 32.
Rh4 h6 33. Rc4 b6 34. Ra4 Kd7 35. Ke2 a5 36. bxa6 b5 37. Rf4 f6 38. Rf3 Rxa6
39. Kd2 Kc6 40. Kc2 Ra7 41. Kb2 c4 42. Rf5 Rd7 43. Rf3 Kc5 44. Kc3 Ra7 45. Rf5+
Kc6 46. Kb2 Rd7 47. Rf3 Rd2+ 48. Kc3 Ra2 49. Kd4 Rd2+ 50. Kc3 Rd5 51. a4 Kc5
52. axb5 Kxb5 53. Re3 Re5 54. Rf3 h5 55. Rf4 Rc5 56. Rd4 1/2-1/2

[Event "Monroe (MI Op/6/22)"]
[Site "?"]
[Date "1986.??.??"]
[Round "?"]
[White "Smith, Walt"]
[Black "Moore, Robert"]
[Result "1-0"]
[WhiteElo "2080"]
[BlackElo "1805"]
[PlyCount "77"]
[EventDate "1986.??.??"]

{6/(22)} 1. e4 c5 2. Nf3 d6 3. c3 Nf6 4. Be2 Nxe4 5. Qa4+ Nc6 6. Qxe4 e6 7. d4
d5 8. Qc2 c4 9. b3 b5 10. a4 cxb3 11. Qxb3 bxa4 12. Qxa4 Bd7 13. Bb5 Qc7 14.
O-O Bd6 15. Ba3 f6 16. Nbd2 Kf7 17. Nb3 a6 18. Bxc6 Bxc6 19. Qa5 Qxa5 20. Nxa5
Bxa3 21. Rxa3 Bb5 22. Rb1 Rab8 23. h3 Rhc8 24. Nd2 Ke7 25. Rb4 Kd7 26. Nab3 Ke7
27. Nc5 Ra8 28. f4 h5 29. Rb1 Kd6 30. Ndb3 Rc7 31. Nc1 Raa7 32. Na2 e5 33.
fxe5+ fxe5 34. Nb4 a5 35. Nxd5 Kxd5 36. Rxb5 Kc4 37. Rbxa5 Rxa5 38. Rxa5 exd4
39. cxd4 1-0

[Event "Kalamazoo (WMUSO/4/5)"]
[Site "?"]
[Date "1986.??.??"]
[Round "?"]
[White "Smith, Walt"]
[Black "Jackson, J.."]
[Result "1-0"]
[WhiteElo "2005"]
[BlackElo "1880"]
[PlyCount "45"]
[EventDate "1986.??.??"]

{4/(5)} 1. e4 e5 2. Nf3 f5 3. Nc3 fxe4 4. Nxe5 Qf6 5. d4 d6 6. Nd5 Qd8 7. Qh5+
g6 8. Nxg6 hxg6 9. Qxh8 Kf7 10. Bc4 Be6 11. h4 Bg7 12. Qh7 c6 13. Bg5 Qa5+ 14.
Bd2 Qxd2+ 15. Kxd2 cxd5 16. h5 dxc4 17. Qxg6+ Kf8 18. Qxe6 Nc6 19. Qxd6+ Nge7
20. c3 Rd8 21. Qf4+ Kg8 22. h6 Be5 23. Qg5+ 1-0

[Event "Dearborn (MEX/1)"]
[Site "Dearborn"]
[Date "1986.??.??"]
[Round "?"]
[White "Smith, Walt"]
[Black "Fairclough, N.."]
[Result "0-1"]
[WhiteElo "2005"]
[BlackElo "2135"]
[PlyCount "96"]
[EventDate "1986.??.??"]

1. Nf3 Nf6 2. c4 c5 3. Nc3 Nc6 4. g3 d5 5. cxd5 Nxd5 6. Bg2 Nc7 7. O-O e5 8. d3
Be7 9. Be3 Bd7 10. Nd2 O-O 11. Rc1 Kh8 12. Nb3 b6 13. f4 exf4 14. gxf4 Rc8 15.
Nd2 Ne6 16. Nd5 Ned4 17. Bf2 Bg4 18. Re1 Bh4 19. Ne3 Bxf2+ 20. Kxf2 Qh4+ 21.
Kg1 Bh3 22. Rf1 Rce8 23. Ne4 f5 24. Ng5 Rxe3 25. Nxh3 Nxe2+ 26. Kh1 Nxc1 27.
Bxc6 Rxh3 28. Bg2 Rxh2+ 29. Kg1 Qg3 30. Qd2 Rxg2+ 31. Qxg2 Ne2+ 32. Kh1 Qh4+
33. Qh2 Ng3+ 34. Kg2 Qxh2+ 35. Kxh2 Nxf1+ 36. Kg2 Nd2 37. Kf2 Re8 38. a3 h6 39.
Kg3 g5 40. Kf2 Kg7 41. a4 Kg6 42. Kg2 Kh5 43. fxg5 hxg5 44. a5 Kg4 45. d4 cxd4
46. b4 Re4 47. Kg1 Kg3 48. axb6 Re1# 0-1

[Event "Dearborn (MEX/3)"]
[Site "Dearborn"]
[Date "1986.??.??"]
[Round "?"]
[White "Smith, Walt"]
[Black "Avery, Robert W"]
[Result "1-0"]
[WhiteElo "2005"]
[BlackElo "2185"]
[PlyCount "169"]
[EventDate "1986.??.??"]

1. e4 e5 2. Nf3 Nc6 3. Bb5 Bc5 4. O-O Nd4 5. Nxd4 Bxd4 6. c3 Bb6 7. Na3 c6 8.
Ba4 Nf6 9. Nc4 Bc7 10. Bc2 b5 11. Ne3 d5 12. exd5 cxd5 13. d4 e4 14. a4 Bd7 15.
axb5 Bxb5 16. Ba4 a6 17. Qb3 Rb8 18. Bxb5+ axb5 19. Ra6 O-O 20. Bd2 Qd7 21.
Rfa1 Rb7 22. Ra8 Rfb8 23. h3 h5 24. R1a6 Kh7 25. Rxb8 Rxb8 26. Qd1 Rb6 27. Rxb6
Bxb6 28. g4 g6 29. f4 exf3 30. Qxf3 Ne4 31. Be1 hxg4 32. Nxg4 Qf5 33. Qxf5 gxf5
34. Ne3 Kg6 35. Nxd5 Bd8 36. Kg2 Bg5 37. Nc7 Nd6 38. Kf3 Bc1 39. Bg3 Ne4 40.
Nxb5 Bxb2 41. Be1 Ng5+ 42. Kg2 f4 43. d5 Kf5 44. h4 Ne4 45. Kf3 Ke5 46. c4 f5
47. Ba5 Kf6 48. Kxf4 Bc1+ 49. Kf3 Bd2 50. Bd8+ Ke5 51. Bc7+ Kf6 52. Nd6 Nc5 53.
Bb6 Nb3 54. Nb5 Ke5 55. d6 Ke6 56. c5 Kd7 57. Na7 Nd4+ 58. Kf2 f4 59. Kf1 f3
60. Kf2 Bc3 61. h5 Bd2 62. c6+ Nxc6 63. Nxc6 Kxd6 64. Nd4 Ke7 65. Kxf3 Kf6 66.
Kg4 Be3 67. Bd8+ Kf7 68. Nf5 Bd2 69. Bg5 Bc3 70. Be3 Bf6 71. Nd4 Be7 72. Nc6
Ba3 73. Kf5 Kg7 74. Nd8 Kh7 75. Ne6 Bb4 76. Ng5+ Kh6 77. Ne4+ Kh7 78. Nf6+ Kg7
79. h6+ Kf7 80. h7 Kg7 81. Bh6+ Kh8 82. Kg6 Bf8 83. Bg5 Be7 84. Ne8 Bxg5 85.
Nd6 1-0

[Event "Kalamazoo (WMUSO/5/4)"]
[Site "?"]
[Date "1986.??.??"]
[Round "?"]
[White "Smith, Walt"]
[Black "Ahmadi, R.."]
[Result "1-0"]
[WhiteElo "2005"]
[BlackElo "1950"]
[PlyCount "77"]
[EventDate "1986.??.??"]

{5/(4)} 1. a3 d5 2. Nf3 g6 3. c4 dxc4 4. e3 Bg7 5. Bxc4 Nf6 6. Nc3 O-O 7. O-O
b6 8. d4 c5 9. dxc5 Qc7 10. Qe2 Qxc5 11. b4 Qh5 12. Bb2 Bb7 13. Rad1 Nbd7 14.
e4 Rac8 15. Bd5 Bxd5 16. Nxd5 Nxd5 17. Rxd5 Qg4 18. h3 Qe6 19. Ng5 Qc6 20. Rc1
Qb7 21. Rcd1 Rc7 22. e5 e6 23. Rd6 h6 24. Nxe6 fxe6 25. Qg4 Kh8 26. Qxe6 Rc2
27. Bd4 Nxe5 28. Bxe5 Bxe5 29. Qxe5+ Qg7 30. Qxg7+ Kxg7 31. Rd7+ Kg8 32. f3 a5
33. R1d6 Re8 34. Rxg6+ Kf8 35. Rxb6 axb4 36. axb4 Kg8 37. Rg6+ Kf8 38. Rxh6 Kg8
39. Ra6 1-0

[Event "Warren (MCO/4/56)"]
[Site "?"]
[Date "1986.??.??"]
[Round "?"]
[White "Smith, Mike A"]
[Black "Galazyn, R.."]
[Result "0-1"]
[WhiteElo "1605"]
[BlackElo "1605"]
[PlyCount "34"]
[EventDate "1986.??.??"]

{4/(56)} 1. e4 c5 2. Nf3 Nc6 3. d4 cxd4 4. Nxd4 g6 5. Be3 Bg7 6. Qd2 a6 7. Be2
Nf6 8. f3 d6 9. O-O d5 10. Nc3 O-O 11. Bh6 Bxh6 12. Nxc6 Qb6+ 13. Qd4 Be3+ 14.
Kh1 Bxd4 15. Nxd4 Qxd4 16. exd5 Bd7 17. Rad1 Qc5 0-1

[Event "Warren (MCO/3/53)"]
[Site "?"]
[Date "1986.??.??"]
[Round "?"]
[White "Smith, Mike A"]
[Black "Collins, Charles"]
[Result "0-1"]
[WhiteElo "1605"]
[BlackElo "1605"]
[PlyCount "94"]
[EventDate "1986.??.??"]

{3/(53)} 1. e4 c5 2. Nf3 d6 3. d4 cxd4 4. Nxd4 Nf6 5. Nc3 g6 6. Be3 Bg7 7. Qd2
O-O 8. Bh6 Nc6 9. Bxg7 Kxg7 10. Bb5 Bd7 11. Bc4 Ne5 12. Bb3 Rc8 13. O-O a6 14.
a4 Qa5 15. Qe2 Rxc3 16. f4 Rc5 17. fxe5 Rxe5 18. Nf3 Rxe4 19. Qd3 Qc5+ 20. Kh1
Re3 21. Qd2 Ne4 22. Qd1 Rxb3 23. cxb3 Nf2+ 24. Rxf2 Qxf2 25. Qc1 Rc8 26. Qg1
Qxg1+ 27. Kxg1 Rc2 28. Rb1 e5 29. Rd1 Rc6 30. Nxe5 dxe5 31. Rxd7 Rb6 32. Rd3 f5
33. g3 h6 34. h4 g5 35. Rd5 Kf6 36. hxg5+ hxg5 37. Rd3 e4 38. Re3 Ke5 39. Kf2
f4 40. gxf4+ gxf4 41. Rc3 Rc6 42. Ke2 Kd4 43. Kd2 e3+ 44. Ke2 Rxc3 45. bxc3+
Kxc3 46. Kd1 f3 47. Ke1 Kxb3 0-1

[Event "Warren (MCO/1/42)"]
[Site "?"]
[Date "1986.??.??"]
[Round "?"]
[White "Smith, Mike A"]
[Black "Bolda, M.."]
[Result "0-1"]
[WhiteElo "1605"]
[BlackElo "1790"]
[PlyCount "47"]
[EventDate "1986.??.??"]

{1/(42)} 1. e4 d5 2. exd5 Nf6 3. Bb5+ Bd7 4. Bxd7+ Nbxd7 5. Nc3 Nb6 6. Nf3
Nbxd5 7. Nxd5 Nxd5 8. d3 e6 9. Be3 Nxe3 10. fxe3 Bd6 11. O-O Qe7 12. Qd2 O-O-O
13. Rf2 f5 14. Raf1 g5 15. Qc3 h5 16. Nd2 g4 17. e4 Bc5 18. exf5 exf5 19. Qb3
Bxf2+ 20. Rxf2 Rhf8 21. Qb5 Kb8 22. Rxf5 Rxf5 23. Qxf5 Rf8 24. Qxh5 0-1

[Event "Warren (MCO/1/25)"]
[Site "?"]
[Date "1986.??.??"]
[Round "?"]
[White "Smith, Michael R"]
[Black "Swartz, J.."]
[Result "1-0"]
[WhiteElo "2000"]
[BlackElo "1605"]
[PlyCount "59"]
[EventDate "1986.??.??"]

{1/(25)} 1. e4 e5 2. Nf3 Nc6 3. Bb5 a6 4. Ba4 Nf6 5. O-O b5 6. Bb3 Na5 7. Nxe5
Nxb3 8. axb3 Be7 9. Re1 O-O 10. d4 Bb7 11. f3 c6 12. Be3 d6 13. Nd3 Nd7 14. Nd2
Re8 15. Nf1 Nf8 16. Ng3 Bh4 17. Bf2 g6 18. Qd2 Bg5 19. f4 Bf6 20. e5 Be7 21. f5
Bg5 22. Be3 Bxe3+ 23. Qxe3 dxe5 24. dxe5 f6 25. e6 Qd5 26. Ne4 Kg7 27. Ndc5
Qxf5 28. Nd6 Qxc2 29. Nxe8+ Rxe8 30. e7 1-0

[Event "Warren (MCO/6/16)"]
[Site "?"]
[Date "1986.??.??"]
[Round "?"]
[White "Smith, Michael R"]
[Black "Fink, W.."]
[Result "1-0"]
[WhiteElo "2000"]
[BlackElo "1695"]
[PlyCount "197"]
[EventDate "1986.??.??"]

{6/(16)} 1. e4 a6 2. d4 b5 3. Bd3 Bb7 4. f3 e6 5. Be3 d6 6. Nh3 Nf6 7. O-O Be7
8. Nd2 c5 9. c3 Nbd7 10. Qe2 Nf8 11. Rad1 Ng6 12. dxc5 dxc5 13. Nb3 Qc7 14. Bb1
O-O 15. Qf2 Rac8 16. Rd2 Nd7 17. Rfd1 Rfd8 18. Nc1 c4 19. Ne2 Bc5 20. Nd4 Nf6
21. g3 e5 22. Nf5 Bxe3 23. Qxe3 Rxd2 24. Qxd2 Nf8 25. Qe3 Rd8 26. Rd2 Ne6 27.
Nf2 Rxd2 28. Qxd2 Qd7 29. Qxd7 Nxd7 30. Kf1 Nb6 31. Ke2 Na4 32. Nd1 Kf8 33.
Nfe3 Nc7 34. Bc2 Nc5 35. Nf5 g6 36. Nfe3 h5 37. Nf1 Ke7 38. Ke3 Ke6 39. Nd2 f5
40. Nf2 fxe4 41. Nfxe4 Nxe4 42. Nxe4 Bxe4 43. Bxe4 g5 44. f4 gxf4+ 45. gxf4
Nd5+ 46. Bxd5+ Kxd5 47. f5 e4 48. f6 Ke6 49. Kxe4 Kxf6 50. Kf4 Kg6 51. h3 Kf6
52. h4 a5 53. Ke4 Ke6 54. a4 bxa4 55. Kd4 Kf5 56. Kxc4 Kg4 57. Kb5 Kxh4 58. c4
Kg3 59. c5 h4 60. c6 h3 61. c7 h2 62. c8=Q h1=Q 63. Qc3+ Kf2 64. Kxa4 Qa1+ 65.
Qa3 Qd1+ 66. Kxa5 Qd5+ 67. Ka4 Qc6+ 68. Kb3 Ke3 69. Qa7+ Ke2 70. Qd4 Qb5+ 71.
Kc3 Qa5+ 72. b4 Qa3+ 73. Kc4 Qa2+ 74. Kb5 Qa8 75. Qd6 Qb7+ 76. Ka5 Qf7 77. b5
Qa2+ 78. Kb6 Qa8 79. Qc6 Qa4 80. Kb7 Kd3 81. b6 Qa1 82. Kc7 Qa5 83. Kc8 Qa6+
84. Kb8 Kd4 85. Qc7 Qb5 86. Kc8 Ke3 87. Qe7+ Kf2 88. b7 Qc6+ 89. Kd8 Qb6+ 90.
Ke8 Kg1 91. Qg5+ Kh1 92. Qh4+ Kg2 93. Qg4+ Kh1 94. Qf3+ Kg1 95. Qg3+ Kh1 96.
Qe1+ Kg2 97. Qe2+ Kh1 98. Qf1+ Kh2 99. Qf4+ 1-0

[Event "Warren (MCO/4/7)"]
[Site "?"]
[Date "1986.??.??"]
[Round "?"]
[White "Smith, Michael R"]
[Black "Baudry, Pascal"]
[Result "1/2-1/2"]
[WhiteElo "2000"]
[BlackElo "2155"]
[PlyCount "53"]
[EventDate "1986.??.??"]

{4/(7)} 1. e4 e5 2. Nf3 Nc6 3. Bb5 Bc5 4. c3 f5 5. d4 fxe4 6. Bxc6 dxc6 7. Nxe5
Bd6 8. O-O Nf6 9. Nd2 Qe7 10. Re1 Bxe5 11. dxe5 Qxe5 12. Nxe4 O-O 13. Nxf6+
Qxf6 14. Be3 Qg6 15. Qe2 Bg4 16. Qc4+ Be6 17. Qh4 Rad8 18. Bc5 Rfe8 19. Bd4 Rd5
20. Re5 Rxe5 21. Bxe5 Bd5 22. Bg3 Bxa2 23. Qa4 Qe6 24. f3 Bb3 25. Qxa7 Qc8 26.
Re1 b6 27. Qa1 1/2-1/2

[Event "Kalamazoo (WMUSO/2/8)"]
[Site "?"]
[Date "1986.??.??"]
[Round "?"]
[White "Smith, Les L"]
[Black "Smith, Walt"]
[Result "0-1"]
[WhiteElo "1870"]
[BlackElo "2005"]
[PlyCount "112"]
[EventDate "1986.??.??"]

{2/(8)} 1. f4 d6 2. Nf3 Bg4 3. e3 Nc6 4. Be2 Nf6 5. O-O g6 6. c3 Bg7 7. d3 e5
8. h3 Bd7 9. e4 Nh5 10. fxe5 dxe5 11. Ng5 Nf4 12. Bxf4 exf4 13. Nxf7 Kxf7 14.
Rxf4+ Ke7 15. d4 Rf8 16. Qf1 Bh6 17. Rxf8 Qxf8 18. Qe1 Be3+ 19. Kh1 Qf2 20. Na3
Qxe1+ 21. Rxe1 Bf2 22. Rf1 Rf8 23. Nc4 b5 24. Nd2 Be3 25. Nf3 a6 26. a4 Na5 27.
axb5 axb5 28. Ra1 Nb3 29. Ra7 Nc1 30. Bf1 Kd6 31. Ra6+ Ke7 32. Ra7 Rc8 33. Ne5
Rf8 34. Nf3 Bf4 35. e5 c6 36. c4 b4 37. Rb7 Ra8 38. d5 Kd8 39. e6 Be8 40. Rxb4
Ra1 41. g3 Nd3 42. Rb3 Rxf1+ 43. Kg2 Rf2+ 44. Kg1 Be3 45. Rxd3 Rxf3+ 46. Kg2
Rf2+ 47. Kg1 Bc5 48. Kh1 Ke7 49. Rb3 cxd5 50. cxd5 Kd6 51. Rb8 Rf8 52. b4 Bd4
53. Rd8+ Ke5 54. e7 Rh8 55. d6 Ke6 56. d7 Bxd7 0-1

[Event "Monroe (RVO/4/15)"]
[Site "?"]
[Date "1986.??.??"]
[Round "?"]
[White "Smith, Les L"]
[Black "Schmucker, V.."]
[Result "1-0"]
[WhiteElo "1920"]
[BlackElo "1745"]
[PlyCount "81"]
[EventDate "1986.??.??"]

{4/(15)} 1. f4 Nf6 2. Nf3 d5 3. e3 g6 4. d4 Bg7 5. Bd3 Nbd7 6. O-O c5 7. c3 c4
8. Bc2 O-O 9. Nbd2 b6 10. f5 e6 11. fxg6 fxg6 12. e4 dxe4 13. Nxe4 Nxe4 14.
Bxe4 Rb8 15. Ng5 Nf6 16. Bc2 Qd5 17. Qe2 Bd7 18. Bf4 Rbe8 19. Be5 Rc8 20. Rae1
h6 21. Ne4 Nxe4 22. Bxe4 Rxf1+ 23. Rxf1 Qa5 24. Bb7 Re8 25. Bxg7 Kxg7 26. Qf3
Qf5 27. Qg3 Qg5 28. Qd6 Qe7 29. Qe5+ Kg8 30. Be4 Kh7 31. Rf6 Rg8 32. Bd5 Re8
33. Bxc4 Rf8 34. Rxf8 Qxf8 35. Qc7 Qc8 36. Qxa7 Qxc4 37. Qxd7+ Kg8 38. Qd8+ Kf7
39. Qxb6 Qxa2 40. Qb5 Qb1+ 41. Qf1+ 1-0

[Event "Monroe (MI Op/3/24)"]
[Site "?"]
[Date "1986.??.??"]
[Round "?"]
[White "Smith, Les L"]
[Black "Riseman, J.."]
[Result "1-0"]
[WhiteElo "1900"]
[BlackElo "1825"]
[PlyCount "57"]
[EventDate "1986.??.??"]

{3/(24)} 1. f4 d5 2. e3 Nf6 3. Nf3 c5 4. d4 Nc6 5. c3 a6 6. Bd3 e6 7. O-O c4 8.
Bc2 Bd6 9. Ne5 Ne4 10. Nxc4 dxc4 11. Bxe4 f5 12. Bxc6+ bxc6 13. Qe2 Be7 14.
Qxc4 Qd5 15. Qd3 a5 16. c4 Ba6 17. b3 O-O 18. Nc3 Qd7 19. Rd1 Bb4 20. Na4 Rab8
21. Bd2 Qb7 22. Bxb4 axb4 23. Nc5 Qa7 24. Nxe6 Rf6 25. Ng5 Qa8 26. Nf3 Rd8 27.
Qd2 Re8 28. Ne5 Qb8 29. Nd7 1-0

[Event "Kalamazoo (WMUSO/4/10)"]
[Site "?"]
[Date "1986.??.??"]
[Round "?"]
[White "Smith, Les L"]
[Black "Lynch, W.."]
[Result "1-0"]
[WhiteElo "1870"]
[BlackElo "1605"]
[PlyCount "49"]
[EventDate "1986.??.??"]

{4/(10)} 1. f4 d5 2. Nf3 Nf6 3. e3 Bg4 4. d4 Nbd7 5. Bd3 e6 6. O-O Bd6 7. Qe1
c5 8. c3 Rc8 9. Ne5 Bf5 10. Be2 Ne4 11. g4 f6 12. gxf5 fxe5 13. fxe5 Nb6 14.
Bb5+ Ke7 15. fxe6 Kxe6 16. exd6 Qxd6 17. Bd3 Rcd8 18. Nd2 Nf6 19. Qg3 Kf7 20.
Nf3 Ne4 21. Ng5+ Kg8 22. Nxe4 dxe4 23. Bxe4 Re8 24. Bc2 Nc4 25. e4 1-0

[Event "Monroe (MI Op/5/22)"]
[Site "?"]
[Date "1986.??.??"]
[Round "?"]
[White "Smith, Les L"]
[Black "Kung, Fred"]
[Result "1-0"]
[WhiteElo "1920"]
[BlackElo "1830"]
[PlyCount "121"]
[EventDate "1986.??.??"]

{5/(22)} 1. f4 Nf6 2. Nf3 d5 3. e3 Bf5 4. Be2 c5 5. O-O h6 6. d4 e6 7. c3 Bd6
8. Ne5 O-O 9. g4 Bh7 10. h4 Bxe5 11. dxe5 Ne4 12. Qe1 g5 13. h5 Nd7 14. Nd2 f6
15. Nxe4 Bxe4 16. exf6 Qxf6 17. fxg5 Qxg5 18. Qg3 Rxf1+ 19. Kxf1 Rf8+ 20. Kg1
Ne5 21. Kh2 Bf3 22. e4 Qxg4 23. Bxh6 Qxg3+ 24. Kxg3 Bxe2 25. Bxf8 Kxf8 26. exd5
Bxh5 27. Re1 Nd7 28. dxe6 Nf6 29. Kf4 Ke7 30. Ke5 Be8 31. Rg1 Nh5 32. Rg5 b5
33. b4 cxb4 34. cxb4 Kd8 35. Rg8 Ke7 36. Rh8 Nf6 37. a3 Ng4+ 38. Kf4 Nf6 39.
Kf5 a6 40. Rh6 Nd5 41. Ke5 Nb6 42. Rh7+ Kd8 43. Ra7 Nc4+ 44. Kf6 Nb6 45. Rxa6
Nd5+ 46. Ke5 Nc7 47. Ra7 Bh5 48. e7+ Kd7 49. a4 bxa4 50. b5 Kc8 51. b6 Ne8 52.
Rxa4 Kb7 53. Rb4 Bf7 54. Rb2 Bc4 55. Kf5 Bf7 56. Rb4 Bd5 57. Kg6 Ba2 58. Rd4
Bb3 59. Rd8 Ba4 60. Kf7 Kxb6 61. Rxe8 1-0

[Event "Monroe (MI Op/1b/5)"]
[Site "?"]
[Date "1986.??.??"]
[Round "?"]
[White "Smith, Les L"]
[Black "Kulbacki, James"]
[Result "1/2-1/2"]
[WhiteElo "1920"]
[BlackElo "2100"]
[PlyCount "69"]
[EventDate "1986.??.??"]

1. f4 d5 2. e3 Nf6 3. Nf3 Bg4 4. d4 e6 5. Bd3 c5 6. c3 Nc6 7. O-O Bd6 8. Qe1
Bf5 9. Be2 O-O 10. h3 Qc7 11. Ne5 Bxb1 12. Rxb1 Ne4 13. a3 f6 14. Nxc6 bxc6 15.
c4 e5 16. dxc5 Bxc5 17. b4 Bd6 18. Bd3 exf4 19. c5 Be5 20. Bxe4 dxe4 21. exf4
Bd4+ 22. Be3 Rad8 23. Rd1 Bxe3+ 24. Qxe3 f5 25. Rd6 Rxd6 26. cxd6 Qxd6 27. Qxa7
Qd2 28. Qf2 Qc3 29. Qa2+ Kh8 30. Rf2 Rd8 31. Qe6 g6 32. Qe7 Qa1+ 33. Kh2 Qd4
34. a4 Qxf2 35. Qxd8+ 1/2-1/2

[Event "Monroe (RVO/5/10)"]
[Site "?"]
[Date "1986.??.??"]
[Round "?"]
[White "Smith, Les L"]
[Black "Kulbacki, James"]
[Result "0-1"]
[WhiteElo "1920"]
[BlackElo "2100"]
[PlyCount "36"]
[EventDate "1986.??.??"]

{5/(10)} 1. f4 Nf6 2. Nf3 g6 3. e3 Bg7 4. d4 d6 5. Bd3 O-O 6. c3 c5 7. O-O Nc6
8. e4 Qb6 9. Nbd2 cxd4 10. Nc4 Qc7 11. cxd4 Nb4 12. Be3 Ng4 13. a3 b5 14. Rc1
Nxd3 15. Qxd3 bxc4 16. Rxc4 Ba6 17. Rxc7 Bxd3 18. Re1 Bxe4 0-1

[Event "Monroe (MI Op/6/15)"]
[Site "?"]
[Date "1986.??.??"]
[Round "?"]
[White "Smith, Les L"]
[Black "Jarosz, Stan"]
[Result "1/2-1/2"]
[WhiteElo "1920"]
[BlackElo "2015"]
[PlyCount "90"]
[EventDate "1986.??.??"]

{6/(15)} 1. f4 Nf6 2. Nf3 g6 3. e3 Bg7 4. d4 O-O 5. Bd3 d6 6. O-O Nc6 7. c3 e5
8. fxe5 dxe5 9. Nbd2 Qe7 10. Ne4 Nxe4 11. Bxe4 exd4 12. Bxc6 bxc6 13. exd4 Qd6
14. Be3 Rb8 15. Qd2 Ba6 16. Rf2 f5 17. Bf4 Qd5 18. Bxc7 Rb7 19. Be5 Re8 20. b3
Bxe5 21. Nxe5 c5 22. Nf3 cxd4 23. c4 Qd6 24. Qxd4 Rd7 25. Rd2 Qxd4+ 26. Rxd4
Rde7 27. Rd6 Bb7 28. Rad1 Re2 29. R1d2 Bxf3 30. gxf3 Re1+ 31. Kf2 Rh1 32. Kg2
Ree1 33. Rd7 Rhg1+ 34. Kh3 Ref1 35. R2d3 Re1 36. Rxa7 Re8 37. a4 g5 38. a5 g4+
39. fxg4 fxg4+ 40. Kh4 Rg2 41. a6 Kh8 42. Rb7 Rg8 43. h3 gxh3 44. Kxh3 R2g6 45.
Kh2 Rg2+ 1/2-1/2

[Event "Monroe (RVO/1/10)"]
[Site "?"]
[Date "1986.??.??"]
[Round "?"]
[White "Smith, Les L"]
[Black "Cooper, T.."]
[Result "0-1"]
[WhiteElo "1920"]
[BlackElo "2145"]
[PlyCount "46"]
[EventDate "1986.??.??"]

{1/(10)} 1. f4 g6 2. Nf3 Bg7 3. e3 Nf6 4. d4 d6 5. Bd3 O-O 6. e4 Na6 7. c3 c5
8. d5 Nc7 9. O-O b5 10. h3 Rb8 11. Qe1 e6 12. dxe6 Nxe6 13. f5 Nc7 14. Qh4 Nh5
15. fxg6 fxg6 16. Bg5 Bf6 17. Nbd2 Ne6 18. Bxf6 Qxf6 19. Qxf6 Rxf6 20. e5 dxe5
21. Nxe5 Nef4 22. Bc2 Ng3 23. Ne4 Nfe2+ 0-1

[Event "Warren (MCO/1/49)"]
[Site "?"]
[Date "1986.??.??"]
[Round "?"]
[White "Small, R.."]
[Black "Mains, D.."]
[Result "1-0"]
[WhiteElo "1775"]
[BlackElo "1605"]
[PlyCount "87"]
[EventDate "1986.??.??"]

{1/(49)} 1. e4 e5 2. Nf3 Nc6 3. Bc4 Bc5 4. Nc3 Nf6 5. d3 O-O 6. Bg5 d6 7. Nd5
h6 8. Bxf6 gxf6 9. c3 Be6 10. Qd2 Kh7 11. h3 f5 12. exf5 Bxf5 13. g4 Bg6 14. g5
Re8 15. Nf6+ Kg7 16. Nxe8+ Qxe8 17. gxh6+ Kh7 18. Ng5+ Kh8 19. O-O-O Rd8 20. h4
d5 21. Bb5 d4 22. f3 dxc3 23. bxc3 a6 24. Bxc6 Qxc6 25. Ne4 Ba3+ 26. Kb1 Qb5+
27. Ka1 Rxd3 28. Qc2 Rxf3 29. h5 Bxe4 30. Rd8+ Kh7 31. Qxe4+ Kxh6 32. Rh8+ Kg5
33. Rg8+ Kf6 34. Qxf3+ Ke7 35. Rb1 Qc4 36. Rg4 Qe6 37. Rxb7 Qd6 38. Rb1 Qc5 39.
Rf1 Kd8 40. Rg8+ Kd7 41. Qxf7+ Qe7 42. Qxe7+ Kxe7 43. h6 Bd6 44. h7 1-0

[Event "Warren (MCO/3/37)"]
[Site "?"]
[Date "1986.??.??"]
[Round "?"]
[White "Small, R.."]
[Black "Bowie, J.."]
[Result "1-0"]
[WhiteElo "1775"]
[BlackElo "1605"]
[PlyCount "63"]
[EventDate "1986.??.??"]

{3/(37)} 1. e4 e5 2. Nf3 Nc6 3. Nc3 Nf6 4. Bc4 Bc5 5. O-O d6 6. a3 O-O 7. d3
Bg4 8. Be3 Nd7 9. Bxc5 Nxc5 10. h3 Be6 11. Nd5 Ne7 12. Ne3 c6 13. Nh2 b5 14.
Ba2 Bxa2 15. Rxa2 d5 16. Qg4 Qd7 17. b4 Qxg4 18. Nhxg4 Nd7 19. f4 exf4 20. Rxf4
g5 21. Rf1 Kg7 22. e5 h5 23. Nf6 Nxe5 24. Nxh5+ Kg6 25. Ng3 f5 26. Ne2 d4 27.
Nxd4 Rf6 28. a4 Rd8 29. Nf3 Nxf3+ 30. Rxf3 a6 31. axb5 axb5 32. Ra7 {[Rmainder
illegible; 1-0, 75?]} 1-0

[Event "Warren (MCO/5/33)"]
[Site "?"]
[Date "1986.??.??"]
[Round "?"]
[White "Small, R.."]
[Black "Boldrick, Thomas"]
[Result "0-1"]
[WhiteElo "1775"]
[BlackElo "1605"]
[PlyCount "160"]
[EventDate "1986.??.??"]

{5/(33)} 1. e4 d5 2. exd5 Nf6 3. c4 c6 4. Nc3 Bf5 5. Nf3 cxd5 6. cxd5 Nxd5 7.
Nxd5 Qxd5 8. d4 Nc6 9. Be3 e6 10. a3 Be7 11. Rc1 O-O 12. Bc4 Qa5+ 13. Rc3 Rfd8
14. O-O Bg4 15. b4 Qc7 16. Be2 Bf6 17. b5 Qa5 18. Rc5 Ne7 19. a4 Nd5 20. Qb3
Rd7 21. Rfc1 Qd8 22. h3 Bh5 23. g4 Bg6 24. Bd3 Bxd3 25. Qxd3 h6 26. Qc4 Nb6 27.
Qc2 Qe7 28. g5 Bxg5 29. Bxg5 hxg5 30. Nxg5 g6 31. Qe4 Nd5 32. f4 Rad8 33. Nf3
Qf6 34. Ne5 Rd6 35. Rc8 Qxf4 36. Rxd8+ Rxd8 37. Qxf4 Nxf4 38. Rc7 Rxd4 39. Nxf7
Nxh3+ 40. Kh2 Nf4 41. Rxb7 Rxa4 42. Kg3 Nd5 43. Nh6+ Kf8 44. Ng4 g5 45. Ne5 Ne7
46. Nd7+ Kf7 47. Ne5+ Kf6 48. Nd7+ Kf5 49. Nc5 Ra3+ 50. Kg2 Nd5 51. Rf7+ Ke5
52. Rg7 g4 53. Rg5+ Kd6 54. Ne4+ Kc7 55. Nc5 Nf4+ 56. Kf1 g3 57. Rg7+ Kb6 58.
Nd7+ Kxb5 59. Rg5+ Kc6 60. Ne5+ Kb7 61. Rg7+ Ka6 62. Ke1 Nd3+ 63. Nxd3 Rxd3 64.
Ke2 Rb3 65. Rg6 Kb5 66. Rg5+ Kc4 67. Rg4+ Kd5 68. Kf1 e5 69. Kg2 e4 70. Rg5+
Kd4 71. Rg8 Rf3 72. Ra8 Ra3 73. Rd8+ Ke3 74. Kxg3 Ke2+ 75. Kg2 e3 76. Rb8 Ra2
77. Rd8 Ke1+ 78. Kg1 e2 79. Kg2 Rd2 80. Rh8 Kd1 0-1

[Event "Kalamazoo (WMUSO/5/11)"]
[Site "?"]
[Date "1986.??.??"]
[Round "?"]
[White "Smalec, John"]
[Black "Lynch, W.."]
[Result "0-1"]
[WhiteElo "1605"]
[BlackElo "1605"]
[PlyCount "42"]
[EventDate "1986.??.??"]

{5/(11)} 1. e4 c5 2. Nf3 Nc6 3. Nc3 d6 4. Bc4 Bg4 5. Bxf7+ Kd7 6. Nd5 e6 7.
Bxg8 Rxg8 8. Ne3 Bh5 9. c3 Be7 10. Qa4 a6 11. d4 b5 12. Qc2 Bxf3 13. gxf3 cxd4
14. cxd4 Nxd4 15. Qd1 Qb6 16. Bd2 Rac8 17. Bc3 Bf6 18. f4 b4 19. Bxd4 Bxd4 20.
O-O Bxe3 21. fxe3 Qc7 {[0-1,67?]} 0-1